Normal view
MARC view
- البلداوي، عبدالحميد/م مشارك شكري محمود نديم
Entry Personal Name
001 - CONTROL NUMBER
- control field: 33121
003 - CONTROL NUMBER IDENTIFIER
- control field: JO-AjAnu
005 - DATE AND TIME OF LATEST TRANSACTION
- control field: 20230606075547.0
008 - FIXED-LENGTH DATA ELEMENTS
- fixed length control field: 230606|| aca||aabn | a|a d
040 ## - CATALOGING SOURCE
- Original cataloging agency: JO-AjAnu
- Transcribing agency: JO-AjAnu
100 ## - HEADING--PERSONAL NAME
- Personal name: البلداوي، عبدالحميد/م مشارك شكري محمود نديم
670 ## - SOURCE DATA FOUND
- Source citation: Work cat.: (JO-AjAnu)17016: البلداوي، عبدالحميد/م مشارك شكري محمود نديم , author, ادارة الجودة الشاملة والمعولية(الموثوقية) والتقنيات الحديثة في تطبيقها واستدامتها